01632nam a2200289 a 4500001001000000003000900010005001700019007000300036008004100039040002500080082002100105245010000126260003500226300002800261500053500289505002700824590002800851650004300879650004500922650003700967650003201004910004101036942001401077952012001091952011401211999001701325000017099DO-SdBNP20240513183244.0ta100317e1977 sp a b 001 0 spa d aDO-SdBNPbspacBNPHU 4a372.6bL566p22200aLenguaje 1er. curso, educación primaria /b revisión técnica Margarita Vallejo de Paredes aSanto Domingo :bEdyca,c1977. a158 p. :bil. ;c28 cm. aEl material didáctico para los dos primeros cursos de Educación Primaria (Libros del alumno, cuadernos y guías para el maestro) ha sido creado en el Departamento de Investigaciones Educativas de EDYCA - Editorial Dominicana y del Caribe - utilizando las experiencias, materiales y asesoramiento desarrollados por Educación Santillana en España y Latinoamérica, por el siguiente equipo: Ernestina Grullon, Luisa Maria Altagracia, Argentina Bejaran de Rodriguez, Germecinda LLaverias Colon, Celia Moyano, Ana Silvente.2 aGuía para el maestro aInventariado, 2012 / DG 4aEspañolxEnseñanza básica936379 4aEspañolxEnseñanza elemental 980031 4aEspañol xLibros textos980032 0aEducación primaria 91420 aD/G/Validado. Control de calidad MFF 2ddccLBS1 00102ddc718MOaBNPHUbPDcHDd2010-03-17l0oBNPHU PD 460.07 G943dp17099-20r2020-06-25te. 2w2020-06-25yLBS1 00102ddc718MOaBNPHUbPDcHDd2010-03-17l0oBNPHU PD 460.07 G943dp17099-10r2020-06-25w2020-06-25yLBS1 c16625d16625